01355 2200325 4500001002100000005001500021035002000036007000300056008004100059020002200100082001300122084002200135100001800157245013500175250002100310300003700331650002000368700002600388700004000414700002900454700002900483700003300512520034000545264003800885336002100923337003000944338002300974990001600997990001601013INLIS00000000116421020240807093837 a0010-0824000032ta240807 b 1 ind  a978-602-367-978-2 a899.2213 aSR 899.2213 ARI r0 aArina Alifina1 aRumah sakit tua /cArina Alifina, Radja Cana, Calistya Tresnaning Tyas, Gemma Kinanti, Vina Dornauli; penyunting, Wiwit Wijiastuti aCetakan II, 2023 a88 halaman :bilustrasi ;c21 cm 4aFiksi Indonesia0 aRadja Canaepengarang0 aCalistya Tresnaning Tyasepengarang0 aGemma Kinantiepengarang0 aVina Dornauliepengarang0 aWiwit Wijiastutiepenyunting aSina, Lala, dan Mila paling suka mendengarkan podcast cerita misteri. Kali ini, kisahnya terjadi di salah satu rumah sakit tua. Di mana para pasiennya menghilang secara misterius. Wah, mereka jadi tertarik untuk melihat langsung tempat kejadiannya! Kira-kira, mereka bakal mengalami kejadian seram seperti cerita podcast itu tidak, ya? aBandung :bMuffin Graphics,c2023 2rdacontentateks 2rdamediaatanpa perantara 2rdacarrieravolume a53770.66590 a53771.66591